000 01183nam a2200265 i 4500
001 187157
003 ES-MaACL
005 20260227162730.0
008 170426s1962 sp |||| |dcat d
080 _a821.134.1-14(082.2)"19"
245 0 0 _aVersions de poesia catalana /
_c[Joan Alcover, Joan Maragall, Guerau de Liost ... et al. ; edición preparada por F.-P. Verrié, con la colaboración de Albert Manent y de... Joan Triadú y Joaquim Molas].
260 _aBarcelona :
_b[s.n.],
_c1962 (
_eSabadell :
_fImp. Joan Sallent)
300 _a188 p. ;
_c25 cm.
500 _aÍndices.
504 _aBibliografía: p. 183-185.
546 _aCon textos en 10 lenguas, además del catalán.
594 _aPubl. con motivo del XVI Congreso de la Unión Internacional de Editores, Barcelona, 6-12 de mayo de 1962.
650 4 _aPoesía catalana-
_yS.XX
_916206
700 1 _aAlcover, Joan,
_d1854-1926
_9152445
700 1 _aMaragall, Joan,
_d1860-1911
_9152432
700 1 _aLiost, Guerau de.
_972489
700 1 _aVerrié, F.- P.
_9114202
852 _aES-MaACL
_jL-31487
_z. - Donat. herederos de la bibl. de Mª del Pilar Costa Palacín
999 _c187157
_d187157